000 00259nam a2200109Ia 4500
008 190216s9999||||xx |||||||||||||| ||und||
100 _aThomas Varkey
245 0 _aAranya Parvam
260 _bCurrent Books
650 _aMalayalam Novel-Malayalam
942 _cBK
999 _c26739
_d26739